The monsoon regime of the currents in the Indian Ocean
Sparad:
| Huvudupphovsmän: | , , |
|---|---|
| Materialtyp: | Bok |
| Språk: | engelska |
| Publicerad: |
Honolulú
East-West Center Press
1970
|
| Ämnen: | |
| Taggar: |
Lägg till en tagg
Inga taggar, Lägg till första taggen!
|
MARC
| LEADER | 00000nam a2200000 a 4500 | ||
|---|---|---|---|
| 001 | UCY3165 | ||
| 003 | CL-VaPUC | ||
| 008 | 941214e19700000US |||||||||||||||||eng|d | ||
| 082 | 0 | 4 | |a 551.4701 |b DUI |2 21 |
| 100 | 0 | |a Duing, Walter |e author |9 331379 | |
| 700 | 0 | |a Ostapoff, Feodor |e author |9 331380 | |
| 700 | 0 | |a Merle, Jacques |e author |9 331381 | |
| 245 | 1 | 4 | |a The monsoon regime of the currents in the Indian Ocean |
| 300 | |a 68 p | ||
| 942 | |c BK | ||
| 945 | |d 19941214 00:00:00 |a mfernand | ||
| 260 | |a Honolulú |b East-West Center Press |c 1970 | ||
| 650 | 7 | |a CORRIENTES MARITIMAS |2 CL-VaPUC |9 261164 | |
| 583 | |a last modification |c 19941214 00:00:00 |k Rodrigo Vera | ||
| 999 | |c 231380 |d 231378 | ||